[Event "Hamburg-chT Landesliga 1617"]
[Site "Hamburg"]
[Date "2017.05.13"]
[Round "8.6"]
[White "Keyser, Robin"]
[Black "Wronn, Bernd"]
[Result "1/2-1/2"]
[WhiteElo "1863"]
[BlackElo "2132"]
[PlyCount "156"]
[EventDate "2016.10.16"]
[EventType "team-tourn"]
[EventRounds "9"]
[EventCountry "GER"]
[SourceTitle "EXT 2022"]
[Source "ChessBase"]
[SourceDate "2021.10.06"]
[SourceVersion "1"]
[SourceVersionDate "2021.10.06"]
[SourceQuality "1"]
[WhiteTeam "Johanneum Eppendorf II"]
[BlackTeam "St Pauli II"]
[WhiteTeamCountry "GER"]
[BlackTeamCountry "GER"]

1. Nf3 Nf6 2. g3 c5 3. Bg2 Nc6 4. c4 d5 5. cxd5 Nxd5 6. Nc3 Nc7 7. a3 e5 8. b4 f6 9. bxc5 Bxc5 10. 0-0 Be6 11. Rb1 Rb8 12. d3 0-0 13. Ne4 Be7 14. Qc2 Bd5 15. Nc5 b6 16. Nb3 Qd7 17. Bb2 Rbc8 18. e4 Bf7 19. d4 exd4 20. Nbxd4 Nxd4 21. Nxd4 Nb5 22. Qa4 a6 23. Nf5 Bc5 24. Rfd1 Qe8 25. Rbc1 Be6 26. Rd3 Qf7 27. Rcd1 Rc7 28. Ne3 Ra7 29. Nd5 Bd7 30. Qb3 Be6 31. Qc2 Rc8 32. Qe2 Re8 33. Bf3 Bxd5 34. Rxd5 Rae7 35. Qd3 Nc7 36. Rd7 Ne6 37. Rxe7 Qxe7 38. Qxa6 Ng5 39. Qc4+ Kf8 40. Kg2 Nxe4 41. Bd4 Bxd4 42. Rxd4 Ng5 43. Qb4 Nxf3 44. Kxf3 Qxb4 45. axb4 Re5 46. Re4 Rd5 47. Re6 Rb5 48. Re4 Kf7 49. h4 f5 50. Rd4 Ke6 51. Ke3 h6 52. f4 h5 53. Kd3 Rd5 54. b5 Rxb5 55. Kc4 Rc5+ 56. Kb4 Rd5 57. Rc4 Rd3 58. Rc6+ Kf7 59. Rxb6 Rxg3 60. Kc5 Rg4 61. Rb4 Rxh4 62. Kd5 Rh1 63. Ke5 g6 64. Rb7+ Ke8 65. Rg7 Rg1 66. Ke6 Kf8 67. Kf6 Ke8 68. Ke6 Kd8 69. Kd6 Kc8 70. Kc6 Kb8 71. Kb6 Rb1+ 72. Kc6 Rb4 73. Rxg6 Rxf4 74. Kd5 Rf1 75. Rh6 f4 76. Ke4 f3 77. Ke3 f2 78. Rxh5 Ra1 1/2-1/2